00316nam a2200109Ia 4500008004100000245007500041260003300116260000900149300001000158500001100168650002700179170224s9999 xx 000 0 und d aData Association for an Adaptive Multi-target P Filter Tracking System bPhilippine Computing Journal c2012 aVII:1 aAugust xInformation Technology